La mona risa (Record no. 2773)

MARC details
000 -LEADER
campo de control de longitud fija 01602nam a2200325Ia 4500
003 - IDENTIFICADOR DE NÚMERO DE CONTROL
campo de control CO-BoRNBP
005 - FECHA Y HORA DE LA ÚLTIMA TRANSACCIÓN
campo de control 20240714152054.0
008 - DATOS DE LONGITUD FIJA--INFORMACIÓN GENERAL
campo de control de longitud fija 160713s2013 c g 000 j s
020 ## - NÚMERO INTERNACIONAL ESTÁNDAR DEL LIBRO
Número Internacional Estándar del Libro 9789587582383
040 ## - FUENTE DE CATALOGACIÓN
Centro catalogador/agencia de origen CO-BoRNBP
Lengua de catalogación spa
Normas de descripción rda
Centro/agencia transcriptor CO-BoRNBP
082 04 - NÚMERO DE LA CLASIFICACIÓN DECIMAL DEWEY
Número de edición 22
Número de clasificación 808.87 P473mo
245 03 - MENCIÓN DEL TÍTULO
Título La mona risa
Resto del título los mejores relatos de humor
Mención de responsabilidad, etc. selección y prólogo de Luis María Pescetti
250 ## - MENCION DE EDICION
Mención de edición Edición especial
264 ## - PRODUCCIÓN, PUBLICACIÓN, DISTRIBUCIÓN, FABRICACIÓN Y COPYRIGHT
Producción, publicación, distribución, fabricación y copyright Bogotá
Nombre del de productor, editor, distribuidor, fabricante Alfaguara
Fecha de producción, publicación, distribución, fabricación o copyright 2013
300 ## - DESCRIPCIÓN FÍSICA
Extensión 210 páginas
Dimensiones 23 cm
336 ## - TIPO DE CONTENIDO
Término de tipo de contenido texto
Código de tipo de contenido txt
Fuente rdacontent
337 ## - TIPO DE MEDIO
Nombre/término del tipo de medio sin mediación
Código del tipo de medio n
Fuente rdamedia
338 ## - TIPO DE SOPORTE
Nombre/término del tipo de soporte volumen
Código del tipo de soporte nc
Fuente rdacarrier
490 ## - MENCIÓN DE SERIE
Mención de serie Alfaguara. Serie Roja
500 ## - NOTA GENERAL
Nota general Incluye índice
500 ## - NOTA GENERAL
Nota general Incluye referencias biográficas de los autores
520 ## - RESUMEN, ETC.
Sumario, etc. En los relatos cuidadosamente escogidos que componen esta antología, el humor despliega toda la riqueza de sus múltiples facetas. asombrosa diversidad de estilos, temas y enfoques presentes en los relatos, da lugar a una obra cuya lectura resulta tan divertida como estimulante. Todos los textos seleccionados tienen un denominador común: se deben a la pluma de autores de gran talla que recurrieron al humor, ese espejo inteligente que nos refleja y nos devuelve la verdadera imagen de lo que somos.
650 14 - PUNTO DE ACCESO ADICIONAL DE MATERIA--TÉRMINO DE MATERIA
Término de materia o nombre geográfico como elemento de entrada Cuentos
Fuente del encabezamiento o término LEMB
Subdivisión de forma Colecciones
9 (RLIN) 8954
650 14 - PUNTO DE ACCESO ADICIONAL DE MATERIA--TÉRMINO DE MATERIA
Término de materia o nombre geográfico como elemento de entrada Literatura
Fuente del encabezamiento o término LEMB
Subdivisión de forma Colecciones
9 (RLIN) 64465
650 14 - PUNTO DE ACCESO ADICIONAL DE MATERIA--TÉRMINO DE MATERIA
Término de materia o nombre geográfico como elemento de entrada Humor en la literatura
Fuente del encabezamiento o término LEMB
9 (RLIN) 8076
650 14 - PUNTO DE ACCESO ADICIONAL DE MATERIA--TÉRMINO DE MATERIA
Término de materia o nombre geográfico como elemento de entrada Mujeres en la literatura
Fuente del encabezamiento o término LEMB
9 (RLIN) 8572
650 14 - PUNTO DE ACCESO ADICIONAL DE MATERIA--TÉRMINO DE MATERIA
Término de materia o nombre geográfico como elemento de entrada Humorismos en la literatura
Fuente del encabezamiento o término LEMB
9 (RLIN) 85542
700 ## - ENTRADA AGREGADA--NOMBRE PERSONAL
Nombre de persona Pescetti, Luis María
Fechas asociadas al nombre 1958-
9 (RLIN) 7612
942 ## - ELEMENTOS DE ENTRADA SECUNDARIOS (KOHA)
Fuente del sistema de clasificación o colocación Clasificación Decimal Dewey
Tipo de ítem Koha Libros
Holdings
Estatus retirado Estado de pérdida Fuente del sistema de clasificación o colocación Estado de daño No para préstamo Biblioteca de origen Biblioteca actual Fecha de adquisición Total de préstamos Signatura topográfica completa Código de barras Visto por última vez Copia número Precio de reemplazo Tipo de ítem Koha Fuente de adquisición Fecha del último préstamo
    Clasificación Decimal Dewey     BIBLIOTECA PÚBLICA MUNICIPAL RAMON CORREA MEJIA BIBLIOTECA PÚBLICA MUNICIPAL RAMON CORREA MEJIA 18/11/2023   808.87 P473mo 34533 18/11/2023 Ej 1 18/11/2023 Libros    
    Clasificación Decimal Dewey     BIBLIOTECA PÚBLICA MUNICIPAL RAMON CORREA MEJIA BIBLIOTECA PÚBLICA MUNICIPAL RAMON CORREA MEJIA 14/07/2023 1 808.87 P473mo 60121 09/10/2024 Ej.2 14/07/2024 Libros Donación 23/09/2024

Powered by Koha